000 00475cam a2200193 4500
001 D6559
008 090401t1956 xxu||||| |||| 00| 0 eng d
035 _a(Sirsi) u1474
041 _aeng
050 _a333.332
100 _aLawrance, David M
245 _aModern methods of valuation of land, houses and buildings
260 _aLondon
_bEstates Gazette
_c1956
300 _axx. 536p. 24cm
350 _a0
700 _aRees, W.H.
942 _n0
948 _c04/03/1997
999 _c85676
_d85676